书目信息 |
| 题名: |
中国民办教育政策分析
|
|
| 作者: | 袁振国 , 周彬 著 | |
| 分册: | ||
| 出版信息: | 北京 中国社会科学出版社 2003 |
|
| 页数: | 394页 | |
| 开本: | 21cm | |
| 丛书名: | 七方民办教育丛书 | |
| 单 册: | ||
| 中图分类: | G522.74 | |
| 科图分类: | ||
| 主题词: | 办学组织形式--社会资助办学--中国 | |
| 电子资源: | ||
| ISBN: | 7-5004-3814-1 | |
| 000 | 00761nam0 2200229 450 | |
| 001 | 0533100719 | |
| 005 | 20051108092736.32 | |
| 010 | @a7-5004-3814-1@dCNY146.00(全5册) | |
| 100 | @a20051108d2003 km y0chiy0120 ea | |
| 101 | 0 | @achi |
| 102 | @aCN@b110000 | |
| 200 | 1 | @a中国民办教育政策分析@Azhong guo min ban jiao yu zheng ce fen xi@f袁振国,周彬著@Fyuan zhen guo,zhou bin zhu |
| 210 | @a北京@c中国社会科学出版社@d2003 | |
| 215 | 1 | @a394页@d21cm |
| 225 | @a七方民办教育丛书@f黄藤主编 | |
| 410 | 0 | @12001 @a七方民办教育丛书@1701 0@a黄藤@Ahuang teng@4主编 |
| 606 | 0 | @a办学组织形式@x社会资助办学@y中国 |
| 690 | @aG522.74@v4 | |
| 701 | 0 | @a袁振国@Ayuan zhen guo@4著 |
| 701 | 0 | @a周彬@Azhou bin@4著 |
| 801 | 0 | @aCN@bPFT@c20051108 |
| 905 | @a10447@dG522.74@e80 | |
| 中国民办教育政策分析/袁振国,周彬著.-北京:中国社会科学出版社,2003 |
| 394页;21cm.-(七方民办教育丛书/黄藤主编) |
| ISBN 7-5004-3814-1:CNY146.00(全5册) |
| ● |
| 相关链接 |
|
|
|
|
正题名:中国民办教育政策分析
索取号:G522.74/80
 
预约/预借
| 序号 | 登录号 | 条形码 | 馆藏地/架位号 | 状态 | 备注 |
| 1 | 0337808 | 203378086 | 第一样本阅览室/ [索取号:G522.74/80] | 在馆 |